| 000 | 00976nam a2200325Ia 4500 | ||
|---|---|---|---|
| 003 | OSt | ||
| 005 | 20221007123134.0 | ||
| 006 | a|||||r|||| 00| 0 | ||
| 007 | ta | ||
| 008 | 221006b |||||||| |||| 00| 0 eng d | ||
| 020 | _a9783110645101 (hbk) | ||
| 024 | _a201005 | ||
| 037 |
_b498, 17/01/2020, A.J. Books _cTextual |
||
| 040 |
_aPAPL _cPAPL _beng |
||
| 041 |
_2eng _aeng |
||
| 082 | _aCN2, Q9 Carpa | ||
| 100 |
_aSadovskii Michael V _9716624 |
||
| 245 | 0 | _aStatistical physics | |
| 250 | _a2 | ||
| 260 |
_aBerlin _bDe Gruyter _c2019 |
||
| 300 |
_aix, 304p. ill. _ccm. |
||
| 490 | _aTexts and monographs in theoretical physics | ||
| 500 | _aBibliography 299p.; Index 301-304p. | ||
| 650 | _a Condensed matter | ||
| 650 |
_a Fluctuations _9715869 |
||
| 650 |
_a Kinetic equations _9716625 |
||
| 650 | _aPhysics | ||
| 942 |
_hCN2, Q9 Carpa _cTEXL _2CC |
||
| 999 |
_c1211428 _d1211428 |
||